Conservative Party attitudes to Jews, 1900-1950 /

Bibliographic Details
Main Author: Defries, Harry, 1951-2000
Format: Book
Language:English
Published: London ; Portland, OR : Frank Cass, 2001.
Series:British politics and society.
Subjects:

MARC

Tag First Indicator Second Indicator Subfields
LEADER 00000pam a22000004a 4500
001 in00001663405
005 20151024121756.0
008 010411s2001 enk b 001 0 eng
010 |a  2001028856 
020 |a 0714652210 (cloth) 
020 |a 0714682063 (pbk.) 
035 |a (OCoLC)ocm46937507 
040 |a DLC  |c DLC  |d TXA  |d UtOrBLW 
042 |a pcc 
043 |a e-uk--- 
049 |a TXAM 
050 0 0 |a DS102.95  |b .D45 2001 
082 0 0 |a 323.1/1924041/09041  |2 21 
100 1 |a Defries, Harry,  |d 1951-2000. 
245 1 0 |a Conservative Party attitudes to Jews, 1900-1950 /  |c Harry Defries. 
264 1 |a London ;  |a Portland, OR :  |b Frank Cass,  |c 2001. 
300 |a x, 268 pages ;  |c 24 cm. 
336 |a text  |b txt  |2 rdacontent 
337 |a unmediated  |b n  |2 rdamedia 
338 |a volume  |b nc  |2 rdacarrier 
490 1 |a Cass series--British politics and society,  |x 1467-1441 
504 |a Includes bibliographical references (pages [210]-260) and index. 
650 0 |a Jews  |x Public opinion. 
650 0 |a Public opinion  |z Great Britain. 
610 2 0 |a Conservative Party (Great Britain) 
651 0 |a Great Britain  |x Politics and government  |y 20th century. 
650 0 |a Jews  |z Great Britain  |x Public opinion. 
651 0 |a Great Britain  |x Ethnic relations. 
830 0 |a British politics and society.  |x 1467-1441 
948 |a cataloged  |b h  |c 2002/3/12  |d c  |e dmitchel  |f 8:50:50 am 
994 |a E0  |b TXA 
999 |a MARS 
999 f f |s fa121a65-de9b-3a18-8fb8-1ab16bebd1ee  |i 4cc67368-dc63-3913-99e6-8ced6adf7383  |t 0 
952 f f |p ric  |a Texas A&M University  |b Rellis Campus  |c Joint Library Facility  |d Remote Storage  |t 0  |e DS102.95 .D45 2001  |h Library of Congress classification  |i unmediated -- volume  |m A14828691424 
998 f f |a DS102.95 .D45 2001  |t 0  |l Remote Storage